Normal view MARC view

Entry Personal Name

Number of records used in: 2

001 - CONTROL NUMBER

  • control field: 42830

003 - CONTROL NUMBER IDENTIFIER

  • control field: dpl

005 - DATE AND TIME OF LATEST TRANSACTION

  • control field: 20120222174019.0

008 - FIXED-LENGTH DATA ELEMENTS

  • fixed length control field: 120222|||a|||||| | ||| d

040 ## - CATALOGING SOURCE

  • Original cataloging agency: dpl
  • Transcribing agency: dpl

100 ## - HEADING--PERSONAL NAME

  • Personal name: Naqvi, Talmeez Fatma

670 ## - SOURCE DATA FOUND

  • Source citation: Work cat.: (dpl)53282: Naqvi, Talmeez Fatma, Teachers in classroom :, 2010

670 ## - SOURCE DATA FOUND

  • Source citation: Work cat.: (dpl)53282: Naqvi, Talmeez Fatma, Teachers in classroom :, 2010

© Delhi Public Library
Hit Counter
free hit counter